000 00425nam a2200145Ia 4500
008 151015s9999 xx 000 0 und d
020 _a9.7802057071e+012
050 _aLC3981.S562010
245 _aSmith Deborah Deutsch
250 _a_Introduction to special education making adifference
300 _aUSA Pearson 2010
500 _aIncludes index
650 _a_Special Education
700 _a^d20110111 02:34:29^okorir
999 _c435
_d435